<?xml version="1.0" encoding="UTF-8"?>
<record
    xmlns:xsi="http://www.w3.org/2001/XMLSchema-instance"
    xsi:schemaLocation="http://www.loc.gov/MARC21/slim http://www.loc.gov/standards/marcxml/schema/MARC21slim.xsd"
    xmlns="http://www.loc.gov/MARC21/slim">

  <leader>02303cam a2200649 i 4500</leader>
  <controlfield tag="001">xx005181178</controlfield>
  <controlfield tag="003">NUKAT</controlfield>
  <controlfield tag="005">20260414121708.0</controlfield>
  <controlfield tag="008">210729s2021    pl a         |000 0dpol c</controlfield>
  <datafield tag="020" ind1=" " ind2=" ">
    <subfield code="a">9788395175725</subfield>
    <subfield code="q">(oprawa twarda)</subfield>
  </datafield>
  <datafield tag="035" ind1=" " ind2=" ">
    <subfield code="a">(OCoLC)1259579198</subfield>
  </datafield>
  <datafield tag="035" ind1=" " ind2=" ">
    <subfield code="a">(NUKAT)xx005181178</subfield>
  </datafield>
  <datafield tag="040" ind1=" " ind2=" ">
    <subfield code="a">POZN U/JJ</subfield>
    <subfield code="b">pol</subfield>
    <subfield code="e">rda</subfield>
    <subfield code="c">POZN U/JJ</subfield>
    <subfield code="d">POZN U/AnK</subfield>
    <subfield code="d">WR U/MBs</subfield>
    <subfield code="d">OLSZT 008/bak</subfield>
  </datafield>
  <datafield tag="045" ind1="2" ind2=" ">
    <subfield code="b">d1250</subfield>
    <subfield code="b">d2020</subfield>
  </datafield>
  <datafield tag="046" ind1=" " ind2=" ">
    <subfield code="k">2021</subfield>
  </datafield>
  <datafield tag="099" ind1=" " ind2=" ">
    <subfield code="a">tn_1330442</subfield>
  </datafield>
  <datafield tag="100" ind1="1" ind2=" ">
    <subfield code="a">&#x141;apo, Jerzy Marek</subfield>
    <subfield code="d">(1971- ).</subfield>
    <subfield code="e">Autor</subfield>
    <subfield code="9">16192</subfield>
  </datafield>
  <datafield tag="245" ind1="1" ind2="0">
    <subfield code="a">Sztynort :</subfield>
    <subfield code="b">blaski i cienie : przewodnik kulturowy /</subfield>
    <subfield code="c">napisa&#x142; Jerzy &#x141;apo.</subfield>
  </datafield>
  <datafield tag="260" ind1=" " ind2=" ">
    <subfield code="a">Sztynort ;</subfield>
    <subfield code="a">Gi&#x17C;ycko :</subfield>
    <subfield code="b">VMA Wzorcownia,</subfield>
    <subfield code="c">2021.</subfield>
  </datafield>
  <datafield tag="300" ind1=" " ind2=" ">
    <subfield code="a">250, [6] stron :</subfield>
    <subfield code="b">ilustracje ;</subfield>
    <subfield code="c">25 cm.</subfield>
  </datafield>
  <datafield tag="336" ind1=" " ind2=" ">
    <subfield code="a">Tekst</subfield>
    <subfield code="b">txt</subfield>
    <subfield code="2">rdacontent</subfield>
  </datafield>
  <datafield tag="336" ind1=" " ind2=" ">
    <subfield code="a">Obraz</subfield>
    <subfield code="b">sti</subfield>
    <subfield code="2">rdacontent</subfield>
  </datafield>
  <datafield tag="337" ind1=" " ind2=" ">
    <subfield code="a">Bez urz&#x105;dzenia po&#x15B;rednicz&#x105;cego</subfield>
    <subfield code="b">n</subfield>
    <subfield code="2">rdamedia</subfield>
  </datafield>
  <datafield tag="338" ind1=" " ind2=" ">
    <subfield code="a">Wolumin</subfield>
    <subfield code="b">nc</subfield>
    <subfield code="2">rdacarrier</subfield>
  </datafield>
  <datafield tag="380" ind1=" " ind2=" ">
    <subfield code="a">Albumy i ksi&#x105;&#x17C;ki artystyczne</subfield>
  </datafield>
  <datafield tag="380" ind1=" " ind2=" ">
    <subfield code="a">Ksi&#x105;&#x17C;ki</subfield>
  </datafield>
  <datafield tag="380" ind1=" " ind2=" ">
    <subfield code="a">Publikacje popularnonaukowe</subfield>
  </datafield>
  <datafield tag="388" ind1="1" ind2=" ">
    <subfield code="a">2001-</subfield>
  </datafield>
  <datafield tag="504" ind1=" " ind2=" ">
    <subfield code="a">Bibliografia na stronach 207-213.</subfield>
  </datafield>
  <datafield tag="600" ind1="3" ind2="7">
    <subfield code="a">Lehndorffowie</subfield>
    <subfield code="c">(rodzina)</subfield>
    <subfield code="2">DBN</subfield>
    <subfield code="9">36948</subfield>
  </datafield>
  <datafield tag="600" ind1="3" ind2="7">
    <subfield code="a">Lehndorff</subfield>
    <subfield code="c">(rodzina).</subfield>
    <subfield code="2">kaba</subfield>
    <subfield code="9">39987</subfield>
  </datafield>
  <datafield tag="648" ind1=" " ind2="7">
    <subfield code="a">1201-1300</subfield>
    <subfield code="2">DBN</subfield>
    <subfield code="9">36031</subfield>
  </datafield>
  <datafield tag="648" ind1=" " ind2="7">
    <subfield code="a">1301-1400</subfield>
    <subfield code="2">DBN</subfield>
    <subfield code="9">35871</subfield>
  </datafield>
  <datafield tag="648" ind1=" " ind2="7">
    <subfield code="a">1401-1500</subfield>
    <subfield code="2">DBN</subfield>
    <subfield code="9">36030</subfield>
  </datafield>
  <datafield tag="648" ind1=" " ind2="7">
    <subfield code="a">1501-1600</subfield>
    <subfield code="2">DBN</subfield>
    <subfield code="9">36032</subfield>
  </datafield>
  <datafield tag="648" ind1=" " ind2="7">
    <subfield code="a">1601-1700</subfield>
    <subfield code="2">DBN</subfield>
    <subfield code="9">36034</subfield>
  </datafield>
  <datafield tag="648" ind1=" " ind2="7">
    <subfield code="a">1701-1800</subfield>
    <subfield code="2">DBN</subfield>
    <subfield code="9">36035</subfield>
  </datafield>
  <datafield tag="648" ind1=" " ind2="7">
    <subfield code="a">1801-1900</subfield>
    <subfield code="2">DBN</subfield>
    <subfield code="9">36037</subfield>
  </datafield>
  <datafield tag="648" ind1=" " ind2="7">
    <subfield code="a">1901-2000</subfield>
    <subfield code="2">DBN</subfield>
    <subfield code="9">34996</subfield>
  </datafield>
  <datafield tag="648" ind1=" " ind2="7">
    <subfield code="a">2001-</subfield>
    <subfield code="2">DBN</subfield>
    <subfield code="9">36393</subfield>
  </datafield>
  <datafield tag="650" ind1=" " ind2="7">
    <subfield code="a">Arystokracja</subfield>
    <subfield code="2">DBN</subfield>
    <subfield code="9">36513</subfield>
  </datafield>
  <datafield tag="650" ind1=" " ind2="7">
    <subfield code="a">Jeziora</subfield>
    <subfield code="2">DBN</subfield>
    <subfield code="9">39988</subfield>
  </datafield>
  <datafield tag="650" ind1=" " ind2="7">
    <subfield code="a">Rody</subfield>
    <subfield code="2">DBN</subfield>
    <subfield code="9">35884</subfield>
  </datafield>
  <datafield tag="650" ind1=" " ind2="7">
    <subfield code="a">Zamki i pa&#x142;ace</subfield>
    <subfield code="2">DBN</subfield>
    <subfield code="9">37001</subfield>
  </datafield>
  <datafield tag="650" ind1=" " ind2="7">
    <subfield code="a">Zbiory prywatne</subfield>
    <subfield code="2">DBN</subfield>
    <subfield code="9">39989</subfield>
  </datafield>
  <datafield tag="650" ind1=" " ind2="7">
    <subfield code="a">&#x17B;eglarstwo</subfield>
    <subfield code="2">DBN</subfield>
    <subfield code="9">39990</subfield>
  </datafield>
  <datafield tag="651" ind1=" " ind2="7">
    <subfield code="a">Sztynort (woj. warmi&#x144;sko-mazurskie, pow. w&#x119;gorzewski, gm. W&#x119;gorzewo)</subfield>
    <subfield code="2">DBN</subfield>
    <subfield code="9">36953</subfield>
  </datafield>
  <datafield tag="651" ind1=" " ind2="7">
    <subfield code="a">Sztynort (Polska)</subfield>
    <subfield code="x">historia.</subfield>
    <subfield code="2">kaba</subfield>
    <subfield code="9">39991</subfield>
  </datafield>
  <datafield tag="651" ind1=" " ind2="7">
    <subfield code="a">Sztynort (Polska)</subfield>
    <subfield code="v">biografie.</subfield>
    <subfield code="2">kaba</subfield>
    <subfield code="9">39992</subfield>
  </datafield>
  <datafield tag="651" ind1=" " ind2="7">
    <subfield code="a">Sztynort (Polska)</subfield>
    <subfield code="x">zabytki.</subfield>
    <subfield code="2">kaba</subfield>
    <subfield code="9">39993</subfield>
  </datafield>
  <datafield tag="655" ind1=" " ind2="7">
    <subfield code="a">Opracowanie</subfield>
    <subfield code="2">DBN</subfield>
    <subfield code="9">35024</subfield>
  </datafield>
  <datafield tag="655" ind1=" " ind2="7">
    <subfield code="a">Publikacja bogato ilustrowana</subfield>
    <subfield code="2">DBN</subfield>
    <subfield code="9">35165</subfield>
  </datafield>
  <datafield tag="658" ind1=" " ind2=" ">
    <subfield code="a">Historia</subfield>
  </datafield>
  <datafield tag="710" ind1="2" ind2=" ">
    <subfield code="a">VMA Wzorcownia.</subfield>
    <subfield code="e">Wydawca</subfield>
    <subfield code="4">pbl</subfield>
    <subfield code="9">39986</subfield>
  </datafield>
  <datafield tag="920" ind1=" " ind2=" ">
    <subfield code="a">978-83-951757-2-5 (oprawa twarda)</subfield>
  </datafield>
  <datafield tag="942" ind1=" " ind2=" ">
    <subfield code="2">ddc</subfield>
    <subfield code="c">BK_NM</subfield>
  </datafield>
  <datafield tag="999" ind1=" " ind2=" ">
    <subfield code="c">27573</subfield>
    <subfield code="d">27573</subfield>
  </datafield>
  <datafield tag="952" ind1=" " ind2=" ">
    <subfield code="0">0</subfield>
    <subfield code="1">0</subfield>
    <subfield code="2">ddc</subfield>
    <subfield code="4">0</subfield>
    <subfield code="7">0</subfield>
    <subfield code="8">K_mag</subfield>
    <subfield code="a">BIP</subfield>
    <subfield code="b">BIP</subfield>
    <subfield code="d">2026-04-14</subfield>
    <subfield code="e">D-41/2026</subfield>
    <subfield code="f">D</subfield>
    <subfield code="g">80.00</subfield>
    <subfield code="i">73938</subfield>
    <subfield code="l">0</subfield>
    <subfield code="o">73938</subfield>
    <subfield code="p">IPWK24006</subfield>
    <subfield code="r">2026-04-14 12:18:32</subfield>
    <subfield code="w">2026-04-14</subfield>
    <subfield code="y">BK_NM</subfield>
  </datafield>
</record>
